000 00774cam a22002653a 4500
001 2643
003 PGUSA
005 20140828083017.0
008 010501s2001||||xxu|||||s|||||000 | eng d
040 _aPGUSA
_beng
042 _adc
050 4 _aPR
050 4 _aDA
100 1 _aArbuthnot, John,
_d1667-1735
245 1 4 _aThe History of John Bull
_h[electronic resource] /
_cJohn Arbuthnot
260 _bProject Gutenberg,
_c2001
506 _aPublic domain in the USA.
516 _aElectronic text
653 _aPolitical satire, English
653 _aGreat Britain -- Politics and government -- 1702-1714 -- Humor
700 1 _aMorley, Henry,
_d1822-1894
830 0 _aProject Gutenberg
_v2643
856 4 0 _uhttp://www.gutenberg.org/ebooks/2643
942 _cEB
999 _c231976
_d231976